Statistiche per Quiz Cultura Generale - Quiz n°80

Clicka qui per fare il quiz!

Statistiche generali

  • Questo quiz è stato fatto 58 volte
  • Il punteggio medio è 33 su 45

Statistiche sulle risposte

DomandaCasellaSelect% Corretto
Seleziona le province dell'Emilia-RomagnaSavonaNo
94%
Seleziona le province dell'Emilia-RomagnaPistoiaNo
92%
Seleziona le province dell'Emilia-RomagnaRimini
92%
Seleziona i nomi invariabiliCoccodrilloNo
90%
Seleziona i 7 Colli di RomaEsquilino
90%
Seleziona i 7 Colli di RomaPalatino
90%
Seleziona i nomi invariabiliRegioneNo
90%
Seleziona i nomi invariabiliBar
88%
Seleziona le opera di Sandro BotticelliLa GiocondaNo
88%
Seleziona le province dell'Emilia-RomagnaParma
88%
Seleziona i 7 Colli di RomaQuirinale
88%
Seleziona le province dell'Emilia-RomagnaRovigoNo
88%
Seleziona i nomi invariabiliTelefonoNo
88%
Seleziona i 7 Colli di RomaAventino
86%
Seleziona le province dell'Emilia-RomagnaFerrara
86%
Seleziona le province dell'Emilia-RomagnaPesaro e UrbinoNo
86%
Seleziona le opera di Sandro BotticelliLa nascita di Venere
84%
Seleziona le province dell'Emilia-RomagnaMantovaNo
84%
Seleziona i nomi invariabiliCaffè
82%
Seleziona le opera di Sandro BotticelliL'Ultima CenaNo
82%
Seleziona i nomi invariabiliRadio
82%
Seleziona i nomi invariabiliVirtù
82%
Seleziona i nomi invariabiliCittà
80%
Seleziona i 7 Colli di RomaVeliaNo
80%
Seleziona le opera di Sandro BotticelliLa Primavera
78%
Seleziona le opera di Sandro BotticelliLa ragazza con l'orecchino di perlaNo
74%
Seleziona le province dell'Emilia-RomagnaPiacenza
74%
Seleziona gli imperatori romani della dinastia giulio-ClaudiaAugusto
72%
Seleziona le opera di Sandro BotticelliLa Scuola di AteneNo
72%
Seleziona le opera di Sandro BotticelliCreazione di AdamoNo
70%
Seleziona le opera di Sandro BotticelliGiudizio UniversaleNo
70%
Seleziona i 7 Colli di RomaCelio
68%
Seleziona i nomi invariabiliSpecie
68%
Seleziona i 7 Colli di RomaVaticanoNo
68%
Seleziona gli imperatori romani della dinastia giulio-ClaudiaDioclezianoNo
66%
Seleziona gli imperatori romani della dinastia giulio-ClaudiaNerone
60%
Seleziona gli imperatori romani della dinastia giulio-ClaudiaVespasianoNo
58%
Seleziona gli imperatori romani della dinastia giulio-ClaudiaClaudio
56%
Seleziona gli imperatori romani della dinastia giulio-ClaudiaTiberio
56%
Seleziona gli imperatori romani della dinastia giulio-ClaudiaAdrianoNo
48%
Seleziona gli imperatori romani della dinastia giulio-ClaudiaCaligola
44%
Seleziona i 7 Colli di RomaGianicoloNo
44%
Seleziona i 7 Colli di RomaPincioNo
44%
Seleziona gli imperatori romani della dinastia giulio-ClaudiaMarco AurelioNo
40%
Seleziona le opera di Sandro BotticelliSposalizio della VergineNo
36%

Distribuzione punteggi

Percentile per numero di risposta

Percentuale di utenti per punteggio

I tuoi punteggi nel tempo

Non hai fatto questo quiz